00325 a2200121 450000100060000010000160000624500170002226000230003909000150006294200230007799900190010095200840011911202 aKurtine, N. aFace to Face abRamparts Pressc c8755d8755 aNUST-CAEcMc35550 c246275d246275 001040708NFICaCAEbCAEd2017-04-03l0pCAE49799r2017-04-05w2017-04-05yBK